00494nam a2200205Ia 4500003000400000005001700004008004100021020001400062040000700076041000800083082002100091100001800112245004400130250000600174260004500180300001700225365001300242650001400255650001900269OSt20230324150730.0210423s2007 xx 000 0 und d a195686462 cAL aeng a338.5 223bSENA aSEN (Anindya) aMicroeconomics: theory and applications a2 aNew DelhibOxford University Pressc2007 aviii,290bPB b245cINR aEconomics aMicroeconomics